=LDR 00000nam 2200000 4500 =001 INLIS000000000020525 =005 20130612115501 =008 ***********************************Ind** =035 ##$$0010-061300000020525 =041 ##$$a Ind =082 ##$$a 330.03 =090 ##$$a 330.03, Sud k =100 ##$$a Sudarsono =245 ##$$a Kamus ekonomi uang dan bank, oleh Drs. Sudarsono, SH, M.Si =260 ##$$a 2001 $b Jakarta =300 ##$$a vii, 259 hlm, 23 cm =650 ##$$a Ekonomi - Kamus =850 ##$$a NBPNMAT